Score 0/20 Timer 08:00
1 Play Today
% Correct
Papa Smurf
96.4%
peace sign
95.6%
peanut shells
93%
pirate ship
91.2%
polo shirt
90.5%
pea soup
89.3%
poodle skirt
83.6%
porch swing
81.7%
pasta salad
79.5%
puppet show
78.5%
% Correct
popcorn shrimp
77.6%
pink slip
75.6%
Pat Sajak
74%
Pittsburgh Steelers
73.6%
plastic surgery
73.3%
Pete Sampras
71.5%
Patrick Star
70.3%
Paul Simon
68.6%
price scanner
48%
Pet Sematary
32.9%
Remove Ads.
Support Sporcle.
Get the best of Sporcle when you Go Orange. This ad-free experience offers more features, more stats, and more fun while also helping to support Sporcle. Thank you for becoming a member.

You're not logged in!

Compare scores with friends on all Sporcle quizzes.
OR
Log In

Show Comments

Extras

Top Quizzes Today


Score Distribution

Your Account Isn't Verified!

In order to create a playlist on Sporcle, you need to verify the email address you used during registration. Go to your Sporcle Settings to finish the process.

Report this User

Report this user for behavior that violates our Community Guidelines.

Details: